000 00648nam a2200229 i 4500
003 DO-SdBNP
005 20230818091820.0
006 a||||gr|||| 00| 0
007 ta
008 230815e1968 dr ||||| |||| 00| 0 spa d
040 _aDO-SdBNP
_bspa
_cBNPHU
_erda
082 4 _bG914m
_222
245 1 0 _aEn mi pueblo :
_blibro de lectura para el segundo grado
264 1 _aSanto Domingo : :
_bLa Escuela Nueva,
_c1968
300 _a160 páginas ;
_c23 cm.
336 _2rdacontent
_atexto
_btxt
337 _2rdamedia
_asin mediación
_bn
338 _2rdacarrier
_avolumen
_bnc
590 _aInventariado 2023 / DG
910 _aDG
942 _2ddc
_cLBS1
999 _c54467
_d54467